El testamento visigótico: una contribución al derecho romano vulgar

Sparad:
Bibliografiska uppgifter
Huvudupphovsman: Pérez de Benavides, Manuel María (Författare, medförfattare)
Materialtyp: Bok
Språk:spanska
Publicerad: Granada, España Instituto de Historia del Derecho 1975
Serie:Opera Histórica ad Iurisprudentiam Excepctantia
Ämnen:
Taggar: Lägg till en tagg
Inga taggar, Lägg till första taggen!

MARC

LEADER 00000nam a2200000 a 4500
001 UCR0979
003 CL-VaPUC
005 20250225130618.0
008 971205e19750000SP |||||||||||||||||spa|d
999 |c 264476  |d 264474 
040 |c Pontificia Universidad Católica de Valparaíso 
082 0 4 |a 340.54 PER 1975  |2 21 
100 0 |a Pérez de Benavides, Manuel María  |e author  |9 397669 
245 1 3 |a El testamento visigótico: una contribución al derecho romano vulgar 
260 |a Granada, España  |b Instituto de Historia del Derecho  |c 1975 
300 |a 164 páginas 
490 0 |a Opera Histórica ad Iurisprudentiam Excepctantia 
583 |a last modification  |c 19971205 00:00:00  |k Rodrigo Vera 
650 0 |a Derecho romano  |9 255930 
650 0 |a Derecho sucesorio  |9 255015 
650 0 |a Derecho visigodo  |9 392738 
650 0 |a Testamento  |9 258220 
650 7 |a CODIGO EURICO  |2 CL-VaPUC  |9 397670 
650 7 |a SUCESION TESTAMENTARIA  |2 CL-VaPUC  |9 397671 
942 |c BK  |2 ddc 
945 |d 19971205 00:00:00  |a aolguin 
952 |0 0  |1 0  |2 ddc  |4 0  |6 340_540000000000000_PER_1975  |7 0  |8 A  |9 294756  |a BIBDER  |b BIBDER  |d 2019-11-19  |i 1909924  |o 340.54 PER 1975  |p 1909924  |r 2023-01-25  |w 2019-11-19  |y BK  |k DER 
952 |0 0  |1 0  |4 0  |6 340_540000000000000_PER_1975  |7 0  |8 DER_ROM  |9 294757  |a BIBDER  |b BIBDER  |d 2019-11-19  |i 1930001  |o 340.54 PER 1975  |p 1930001  |r 2023-01-25  |w 2019-11-19  |x Ubicación 4to piso  |y BK  |z Este recurso debe solicitarse con anticipación  |k DER